[Event "74th DEN-ch"]
[Site "Ringsted DEN"]
[Date "1995.??.??"]
[Round "1"]
[White "Berg, Klaus"]
[Black "Danielsen, Henrik"]
[WhiteElo "2420"]
[BlackElo "2430"]
[Result "1/2-1/2"]
[EventDate "1995.01.01"]
[PlyCount "60"]
[EventCategory "8"]
[Source "ChessBase"]
[SourceDate "1995.09.01"]

1. e4 c6 2. d4 d5 3. exd5 cxd5 4. c4 Nf6 5. Nc3 e6 6. Nf3 Bb4 7. cxd5 Nxd5 8.
Qb3 Nc6 9. Bd3 Qb6 10. Bd2 Ba5 11. O-O Qxb3 12. axb3 Bb6 13. Nxd5 exd5 14.
Rfe1+ Be6 15. Bc3 O-O 16. b4 Rfe8 17. b5 Ne7 18. Ba5 Bf5 19. Rxe7 Bxd3 20. Rxb7
Rab8 21. Rxb8 Rxb8 22. Bxb6 axb6 23. Ne5 Bxb5 24. Ra7 f6 25. Nf7 Bd3 26. g4 Rf8
27. Nd6 Rd8 28. Nf7 Rf8 29. Nd6 Rd8 30. Nf7 Rf8 1/2-1/2

[Event "74th DEN-ch"]
[Site "Ringsted DEN"]
[Date "1995.??.??"]
[Round "1"]
[White "Kjeldsen, Jens"]
[Black "Nielsen, Peter Heine"]
[WhiteElo "2410"]
[BlackElo "2500"]
[Result "1/2-1/2"]
[EventDate "1995.01.01"]
[PlyCount "28"]
[EventCategory "8"]
[Source "ChessBase"]
[SourceDate "1995.09.01"]

1. d4 Nf6 2. c4 g6 3. Nc3 d5 4. cxd5 Nxd5 5. g3 Bg7 6. Bg2 Nxc3 7. bxc3 c5 8.
e3 O-O 9. Ne2 Nc6 10. O-O Bd7 11. Ba3 cxd4 12. cxd4 Qa5 13. Qb3 Qa6 14. Nf4
Rfe8 1/2-1/2

[Event "74th DEN-ch"]
[Site "Ringsted DEN"]
[Date "1995.??.??"]
[Round "1"]
[White "Kristiansen, Jens"]
[Black "Mortensen, Erling"]
[WhiteElo "2415"]
[BlackElo "2500"]
[Result "1/2-1/2"]
[EventDate "1995.01.01"]
[PlyCount "106"]
[EventCategory "8"]
[Source "ChessBase"]
[SourceDate "1995.09.01"]

1. e4 c5 2. d3 Nc6 3. g3 d5 4. Nd2 e5 5. Ngf3 d4 6. Bg2 Bg4 7. h3 Be6 8. O-O f6
9. Nh4 Nge7 10. f4 Qd7 11. Kh2 O-O-O 12. Nc4 Ng6 13. Nf5 h5 14. b3 h4 15. gxh4
Nxf4 16. Bxf4 exf4 17. Qg4 Ne5 18. Qxf4 g6 19. Ng3 Nxc4 20. bxc4 g5 21. Qxf6
Be7 22. Qf3 g4 23. Qe2 gxh3 24. Bf3 Bxh4 25. Rg1 Rdg8 26. Nf5 Qc7+ 27. Kh1 Bg3
28. Nxg3 Rxg3 29. Rxg3 Qxg3 30. Rg1 Qe5 31. Bg4 Rf8 32. Qh2 Qxh2+ 33. Kxh2 Bxg4
34. Rxg4 Rf2+ 35. Kxh3 Rxc2 36. Rg2 Rc3 37. Rd2 Kd7 38. Kg4 Ke6 39. Kf4 Rc1 40.
Kf3 Re1 41. Kf4 Rf1+ 42. Kg3 b6 43. Rf2 Rd1 44. Rf3 Rd2 45. a4 Ra2 46. Kf4 Rxa4
47. Rh3 Ra1 48. Rh6+ Kf7 49. e5 Re1 50. Kf5 Kg7 51. Rc6 Rf1+ 52. Ke4 Re1+ 53.
Kf5 Rf1+ 1/2-1/2

[Event "74th DEN-ch"]
[Site "Ringsted DEN"]
[Date "1995.??.??"]
[Round "1"]
[White "Schandorff, Lars"]
[Black "Hoei, Carsten"]
[WhiteElo "2450"]
[BlackElo "2415"]
[Result "1/2-1/2"]
[EventDate "1995.01.01"]
[PlyCount "88"]
[EventCategory "8"]
[Source "ChessBase"]
[SourceDate "1995.09.01"]

1. e4 e6 2. d4 d5 3. e5 b6 4. Bb5+ c6 5. Ba4 Ne7 6. Ne2 Ba6 7. c3 Nd7 8. O-O
Qc7 9. Re1 Nf5 10. Nd2 Be7 11. Nf3 h6 12. Bc2 g6 13. Nf4 O-O-O 14. a4 Rdg8 15.
a5 b5 16. Bd3 Kb8 17. b3 Ka8 18. Qe2 Nb8 19. Rd1 Ng7 20. g3 g5 21. Ng2 Nf5 22.
Nfe1 h5 23. h3 Bc8 24. Nc2 f6 25. Ba3 fxe5 26. Bxe7 Nxe7 27. dxe5 Nd7 28. Re1
Ng6 29. Bxg6 Rxg6 30. c4 bxc4 31. bxc4 Ba6 32. Na3 Rgg8 33. Qe3 dxc4 34. Rac1
Qxa5 35. Nxc4 Qc5 36. Qxc5 Nxc5 37. Nb2 Nb3 38. Rxc6 Bb7 39. Rd6 h4 40. g4 Rc8
41. Rd3 Nc5 42. Ra3 Ne4 43. Nd3 Rhf8 44. Rea1 a6 1/2-1/2

[Event "74th DEN-ch"]
[Site "Ringsted DEN"]
[Date "1995.??.??"]
[Round "2"]
[White "Hoei, Carsten"]
[Black "Kjeldsen, Jens"]
[WhiteElo "2415"]
[BlackElo "2410"]
[Result "1-0"]
[EventDate "1995.01.01"]
[PlyCount "81"]
[EventCategory "8"]
[Source "ChessBase"]
[SourceDate "1995.09.01"]

1. Nf3 Nf6 2. c4 g6 3. Nc3 Bg7 4. d4 O-O 5. Bg5 d6 6. Qd2 Bg4 7. O-O-O c6 8.
Bh6 a6 9. h3 Bxf3 10. exf3 b5 11. h4 Nbd7 12. h5 b4 13. Ne4 Nxe4 14. fxe4 Bh8
15. hxg6 hxg6 16. Bxf8 Nxf8 17. Be2 Bg7 18. Bg4 Qa5 19. Kb1 Nh7 20. f4 c5 21.
dxc5 Qxc5 22. Qd5 Qxd5 23. cxd5 Nf6 24. Bf3 Nd7 25. g4 Nc5 26. g5 a5 27. Rhe1
a4 28. e5 Kf8 29. Re3 Rb8 30. Rc1 Rb6 31. Bg4 Rb8 32. Rce1 Ra8 33. Rc1 Rb8 34.
f5 gxf5 35. Bxf5 Ra8 36. Rc4 Rb8 37. Re2 Rb7 38. g6 f6 39. exf6 exf6 40. Rc1 b3
41. Rce1 1-0

[Event "74th DEN-ch"]
[Site "Ringsted DEN"]
[Date "1995.??.??"]
[Round "2"]
[White "Kristiansen, Jens"]
[Black "Schandorff, Lars"]
[WhiteElo "2415"]
[BlackElo "2450"]
[Result "1-0"]
[EventDate "1995.01.01"]
[PlyCount "93"]
[EventCategory "8"]
[Source "ChessBase"]
[SourceDate "1995.09.01"]

1. e4 c5 2. d3 Nc6 3. g3 g6 4. Bg2 Bg7 5. f4 d6 6. Nf3 e5 7. O-O Nge7 8. f5
gxf5 9. Nh4 fxe4 10. dxe4 O-O 11. Qh5 f6 12. Nc3 Be6 13. Nd5 Qd7 14. Nf5 Nxf5
15. exf5 Bf7 16. Qg4 Kh8 17. Be3 Nb4 18. Nxb4 cxb4 19. Qxb4 d5 20. Rad1 d4 21.
c3 a5 22. Qa3 Rfc8 23. cxd4 Bf8 24. dxe5 Qb5 25. Qd3 Bc4 26. Qe4 Bxf1 27. Rxf1
Qe2 28. Bg5 Qxe4 29. Bxf6+ Bg7 30. Bxg7+ Kxg7 31. Bxe4 Rc5 32. e6 Kf6 33. Kg2
Rd8 34. Rf2 b5 35. Kf3 Rd4 36. Ke3 Rd1 37. b3 a4 38. Kf4 h5 39. h3 Rc3 40. g4
Rg1 41. Bg2 hxg4 42. hxg4 axb3 43. axb3 Rd1 44. g5+ Ke7 45. Re2 Kd6 46. f6 Rd4+
47. Kf5 1-0

[Event "74th DEN-ch"]
[Site "Ringsted DEN"]
[Date "1995.??.??"]
[Round "2"]
[White "Mortensen, Erling"]
[Black "Antonsen, Mikkel"]
[WhiteElo "2500"]
[BlackElo "2400"]
[Result "1-0"]
[EventDate "1995.01.01"]
[PlyCount "121"]
[EventCategory "8"]
[Source "ChessBase"]
[SourceDate "1995.09.01"]

1. e4 e6 2. Nf3 d5 3. Nc3 Bb4 4. e5 Ne7 5. a3 Bxc3 6. bxc3 c5 7. d4 b6 8. a4
Ba6 9. Bb5+ Bxb5 10. axb5 Qc7 11. O-O O-O 12. Bg5 h6 13. Bxe7 Qxe7 14. c4 dxc4
15. d5 Qd7 16. dxe6 Qxe6 17. Qd6 Qxd6 18. exd6 Nd7 19. Rfe1 Rfd8 20. Nd2 c3 21.
Nc4 a6 22. bxa6 b5 23. Ne3 Nb6 24. Ra5 b4 25. Rea1 Rxd6 26. Rxc5 Nd7 27. Rd5
Raxa6 28. Rxa6 Rxa6 29. Kf1 Nf6 30. Rb5 Ra1+ 31. Ke2 Rb1 32. Kd3 Kh7 33. Kc4
Ne4 34. Rxb4 Re1 35. Kd4 Nxf2 36. Rb7 Kg6 37. h3 Nd1 38. Nd5 Nf2 39. Kxc3 Ne4+
40. Kd4 Nf6 41. Ne3 Nh5 42. Rb6+ Kg5 43. Rb5+ Kg6 44. Nd5 f5 45. c4 Re4+ 46.
Kd3 Kg5 47. c5 Nf4+ 48. Nxf4 Kxf4 49. c6 Re8 50. Kd4 Rc8 51. Rc5 Kg3 52. Rc2 f4
53. Ke4 g5 54. Kf5 f3 55. gxf3 Kxh3 56. Rc3 Rf8+ 57. Kg6 g4 58. fxg4+ Kxg4 59.
Rc4+ Kf3 60. c7 Rc8 61. Kxh6 1-0

[Event "74th DEN-ch"]
[Site "Ringsted DEN"]
[Date "1995.??.??"]
[Round "3"]
[White "Antonsen, Mikkel"]
[Black "Danielsen, Henrik"]
[WhiteElo "2400"]
[BlackElo "2430"]
[Result "0-1"]
[EventDate "1995.01.01"]
[PlyCount "104"]
[EventCategory "8"]
[Source "ChessBase"]
[SourceDate "1995.09.01"]

1. e4 c6 2. d4 d5 3. e5 Bf5 4. Nc3 e6 5. g4 Bg6 6. Nge2 Ne7 7. Be3 h5 8. Nf4
hxg4 9. Nxg6 Nxg6 10. Bd3 Nh4 11. Qxg4 g6 12. O-O-O Be7 13. Ne2 Nd7 14. Kb1 b5
15. Nf4 Nf8 16. Rdg1 Rb8 17. Rg3 Kd7 18. Rh3 Kc7 19. Ng2 Nd7 20. Nxh4 Rxh4 21.
Rxh4 Bxh4 22. Qf4 Qe7 23. Qh6 Rf8 24. Rg1 Qe8 25. Qg7 Qd8 26. Rg4 Rg8 27. Qh7
Rh8 28. Rxh4 Rxh7 29. Rxh7 Qg8 30. Rh6 Qg7 31. Bg5 c5 32. c3 a6 33. a3 Qf8 34.
Rh7 Qg8 35. Rh6 Kb6 36. Bc2 a5 37. Be7 Qe8 38. Bg5 Kc6 39. Rh7 Qg8 40. Rh6 Qf8
41. f4 cxd4 42. cxd4 Nb6 43. Rh3 b4 44. b3 bxa3 45. Rc3+ Kb7 46. Rc5 Qh8 47. h4
Qh5 48. Ka2 Qf3 49. Bd8 Qxf4 50. Rc7+ Kb8 51. Kxa3 Qc1+ 52. Ka2 Nc4 0-1

[Event "74th DEN-ch"]
[Site "Ringsted DEN"]
[Date "1995.??.??"]
[Round "3"]
[White "Kjeldsen, Jens"]
[Black "Kristiansen, Jens"]
[WhiteElo "2410"]
[BlackElo "2415"]
[Result "1/2-1/2"]
[EventDate "1995.01.01"]
[PlyCount "120"]
[EventCategory "8"]
[Source "ChessBase"]
[SourceDate "1995.09.01"]

1. d4 f5 2. Nc3 Nf6 3. Bg5 d5 4. Bxf6 exf6 5. e3 Be6 6. Bd3 Nc6 7. Qf3 Qd7 8.
a3 Nd8 9. Nge2 c6 10. Nf4 g6 11. h3 Nf7 12. Nxe6 Qxe6 13. g4 Ng5 14. Qe2 fxg4
15. hxg4 Ne4 16. Bxe4 dxe4 17. O-O-O O-O-O 18. d5 cxd5 19. Rxd5 Rxd5 20. Qc4+
Qc6 21. Qxd5 Qxd5 22. Nxd5 Bg7 23. Nf4 Kd7 24. Rd1+ Ke7 25. Nd5+ Ke6 26. Nf4+
Ke7 27. Nd5+ Ke6 28. Rd4 f5 29. Nf4+ Ke7 30. Rb4 b6 31. gxf5 gxf5 32. Ra4 a5
33. b4 Kd6 34. bxa5 Ra8 35. Rb4 Rxa5 36. Rxb6+ Kc7 37. Rb3 Be5 38. Ne6+ Kd6 39.
Ng5 Ra7 40. Kd2 Kc6 41. Ne6 Kd5 42. Nf4+ Kc4 43. Rb4+ Kc5 44. Ne6+ Kc6 45. a4
h5 46. Rb5 Kd6 47. Nf4 Bxf4 48. exf4 Ke6 49. a5 h4 50. Rb6+ Kd5 51. Rf6 Rh7 52.
Rxf5+ Ke6 53. Re5+ Kf6 54. Rxe4 Kf5 55. Re1 h3 56. Rh1 Kg4 57. a6 Ra7 58. Ra1
h2 59. f5 Rxa6 60. Rxa6 h1=Q 1/2-1/2

[Event "74th DEN-ch"]
[Site "Ringsted DEN"]
[Date "1995.??.??"]
[Round "4"]
[White "Kristiansen, Jens"]
[Black "Berg, Klaus"]
[WhiteElo "2415"]
[BlackElo "2420"]
[Result "1-0"]
[EventDate "1995.01.01"]
[PlyCount "65"]
[EventCategory "8"]
[Source "ChessBase"]
[SourceDate "1995.09.01"]

1. e4 c6 2. d4 d5 3. exd5 cxd5 4. Bd3 Nc6 5. c3 Nf6 6. Bf4 Bg4 7. Qb3 Qc8 8.
Nd2 e6 9. Ngf3 Bh5 10. O-O Be7 11. Rfe1 O-O 12. Bg5 Rb8 13. Ne5 Qc7 14. Qc2 Bg6
15. Bxg6 hxg6 16. Qd3 Bd6 17. f4 Ne7 18. Qh3 b5 19. a3 a5 20. g4 Rfc8 21. Re3
Ne8 22. Qh4 f6 23. Rh3 Bxe5 24. fxe5 fxg5 25. Qh8+ Kf7 26. Nf3 Nc6 27. Nxg5+
Ke7 28. Rf1 Nd8 29. Qf8+ Kd7 30. Rh8 Nb7 31. Rf7+ Kc6 32. Rxc7+ Nxc7 33. Qxc8
1-0

[Event "74th DEN-ch"]
[Site "Ringsted DEN"]
[Date "1995.??.??"]
[Round "4"]
[White "Mortensen, Erling"]
[Black "Danielsen, Henrik"]
[WhiteElo "2500"]
[BlackElo "2430"]
[Result "1-0"]
[EventDate "1995.01.01"]
[PlyCount "91"]
[EventCategory "8"]
[Source "ChessBase"]
[SourceDate "1995.09.01"]

1. e4 c6 2. d4 d5 3. exd5 cxd5 4. c4 Nf6 5. Nc3 e6 6. Nf3 Bb4 7. cxd5 Nxd5 8.
Bd2 Nc6 9. Bd3 Be7 10. O-O O-O 11. Qe2 Nf6 12. Ne4 Bd7 13. Rad1 Qb6 14. Nxf6+
Bxf6 15. Qe4 g6 16. Bh6 Bg7 17. Bxg7 Kxg7 18. h4 Rad8 19. h5 Ne7 20. Rfe1 Qd6
21. Qh4 f6 22. Bc4 Nd5 23. h6+ Kf7 24. Nd2 Bc8 25. Ne4 Qf4 26. Qh3 Rfe8 27. Qa3
Qb8 28. Nc3 Nb6 29. Bb3 g5 30. Ne4 Nd5 31. Bc2 Rg8 32. Nc3 Nf4 33. g3 Nh3+ 34.
Kg2 g4 35. d5 Ng5 36. Ne4 Nf3 37. Re3 e5 38. Nc5 Qd6 39. Ne6 Qxa3 40. Nxd8+
Rxd8 41. Rxa3 a6 42. Rc3 f5 43. Rxc8 Rxc8 44. Bxf5 Rd8 45. Bxh7 Rh8 46. Be4 1-0

[Event "74th DEN-ch"]
[Site "Ringsted DEN"]
[Date "1995.??.??"]
[Round "4"]
[White "Nielsen, Peter Heine"]
[Black "Antonsen, Mikkel"]
[WhiteElo "2500"]
[BlackElo "2400"]
[Result "1/2-1/2"]
[EventDate "1995.01.01"]
[PlyCount "45"]
[EventCategory "8"]
[Source "ChessBase"]
[SourceDate "1995.09.01"]

1. d4 Nf6 2. Nf3 g6 3. g3 Bg7 4. Bg2 O-O 5. O-O d6 6. c4 Nc6 7. Nc3 a6 8. Bd2
Rb8 9. Rc1 b5 10. cxb5 axb5 11. a3 Na5 12. Ne4 Nc4 13. Nxf6+ exf6 14. Bc3 f5
15. e3 Bb7 16. Nd2 Bxg2 17. Kxg2 Nb6 18. Qf3 c5 19. dxc5 Bxc3 20. Rxc3 dxc5 21.
Rd1 Na4 22. Nb3 Qb6 23. Rc2 1/2-1/2

[Event "74th DEN-ch"]
[Site "Ringsted DEN"]
[Date "1995.??.??"]
[Round "5"]
[White "Antonsen, Mikkel"]
[Black "Hoei, Carsten"]
[WhiteElo "2400"]
[BlackElo "2415"]
[Result "1-0"]
[EventDate "1995.01.01"]
[PlyCount "63"]
[EventCategory "8"]
[Source "ChessBase"]
[SourceDate "1995.09.01"]

1. e4 e6 2. d4 d5 3. e5 Ne7 4. c3 Qd7 5. f4 b6 6. Nd2 h5 7. Ndf3 Nf5 8. Bd3 Ba6
9. Bc2 c5 10. a4 Nc6 11. a5 b5 12. dxc5 Bxc5 13. Bxf5 exf5 14. b4 Bxg1 15. Rxg1
O-O-O 16. Be3 f6 17. Bd4 Rhe8 18. Kf2 Re6 19. h4 Qf7 20. Qd3 Qg6 21. Rae1 Ree8
22. exf6 gxf6 23. Rxe8 Rxe8 24. Bc5 Rd8 25. Nd4 Nxd4 26. Qxd4 Qg4 27. Bxa7 Re8
28. Qc5+ Kb7 29. Qb6+ Ka8 30. Qc6+ Bb7 31. Qxe8+ Kxa7 32. Qe3+ 1-0

[Event "74th DEN-ch"]
[Site "Ringsted DEN"]
[Date "1995.??.??"]
[Round "5"]
[White "Berg, Klaus"]
[Black "Schandorff, Lars"]
[WhiteElo "2420"]
[BlackElo "2450"]
[Result "0-1"]
[EventDate "1995.01.01"]
[PlyCount "104"]
[EventCategory "8"]
[Source "ChessBase"]
[SourceDate "1995.09.01"]

1. d4 d5 2. c4 e6 3. Nc3 c6 4. e4 Bb4 5. exd5 exd5 6. cxd5 Qxd5 7. Nf3 Nf6 8.
Bd3 O-O 9. O-O Qa5 10. Qc2 h6 11. Re1 Be6 12. Re5 Qd8 13. Bf5 Bxf5 14. Rxf5
Nbd7 15. Qb3 Qe7 16. Ne5 Qe6 17. Qxe6 fxe6 18. Rf3 Nxe5 19. dxe5 Nd7 20. Rxf8+
Rxf8 21. Be3 Nxe5 22. Bxa7 Nc4 23. Ne4 Nxb2 24. Rb1 Rd8 25. Kf1 Nd3 26. a3 Ra8
27. axb4 Rxa7 28. b5 cxb5 29. Rxb5 Nf4 30. f3 Ra1+ 31. Kf2 Ra2+ 32. Kg3 g5 33.
Nxg5 Ne2+ 34. Kg4 hxg5 35. Rxb7 Ra5 36. g3 Rf5 37. Re7 Re5 38. Kh5 Kf8 39. Ra7
Nd4 40. Kg6 Rf5 41. f4 gxf4 42. g4 Rd5 43. Rf7+ Ke8 44. Rxf4 e5 45. Re4 Ke7 46.
h4 Rd6+ 47. Kh7 Kf6 48. Re1 Nf3 49. Re4 Re6 50. g5+ Kf5 51. Ra4 Nxh4 52. Rxh4
Kxg5 0-1

[Event "74th DEN-ch"]
[Site "Ringsted DEN"]
[Date "1995.??.??"]
[Round "5"]
[White "Danielsen, Henrik"]
[Black "Nielsen, Peter Heine"]
[WhiteElo "2430"]
[BlackElo "2500"]
[Result "1-0"]
[EventDate "1995.01.01"]
[PlyCount "61"]
[EventCategory "8"]
[Source "ChessBase"]
[SourceDate "1995.09.01"]

1. d4 Nf6 2. Nf3 g6 3. c4 Bg7 4. g3 d5 5. cxd5 Nxd5 6. Bg2 Nb6 7. Nc3 Nc6 8. e3
O-O 9. O-O Re8 10. Re1 e5 11. d5 Na5 12. e4 c6 13. Bg5 f6 14. Be3 Nac4 15. Bxb6
Nxb6 16. Qb3 cxd5 17. exd5 f5 18. h4 h6 19. Rad1 Bd7 20. Bf1 Rc8 21. Bb5 Kh7
22. d6 Rc5 23. a4 Qc8 24. Qb4 a6 25. Bxd7 Nxd7 26. Qb3 e4 27. h5 exf3 28. Re7
Re5 29. hxg6+ Kh8 30. Rxg7 Nf6 31. Rh7+ 1-0

[Event "74th DEN-ch"]
[Site "Ringsted DEN"]
[Date "1995.??.??"]
[Round "5"]
[White "Kjeldsen, Jens"]
[Black "Mortensen, Erling"]
[WhiteElo "2410"]
[BlackElo "2500"]
[Result "1-0"]
[EventDate "1995.01.01"]
[PlyCount "75"]
[EventCategory "8"]
[Source "ChessBase"]
[SourceDate "1995.09.01"]

1. d4 Nf6 2. c4 c5 3. d5 g6 4. Nc3 d6 5. e4 Bg7 6. f3 O-O 7. Bg5 h6 8. Bf4 Nh5
9. Be3 e6 10. Nge2 exd5 11. cxd5 Nd7 12. g4 Nhf6 13. Ng3 Ne5 14. Be2 b5 15. O-O
b4 16. Nb1 a5 17. Nd2 Qb6 18. h3 Ba6 19. b3 Bxe2 20. Qxe2 a4 21. f4 Ned7 22.
Nc4 Qc7 23. Rad1 Rfe8 24. Qf3 axb3 25. axb3 Nb6 26. Nxb6 Qxb6 27. g5 Nh7 28.
gxh6 Bxh6 29. f5 Bxe3+ 30. Qxe3 Qd8 31. fxg6 fxg6 32. Qh6 Ra7 33. h4 Rg7 34.
Rf3 Nf6 35. Qf4 Nd7 36. Qxd6 Qxh4 37. Rdf1 Rh7 38. Qxg6+ 1-0

[Event "74th DEN-ch"]
[Site "Ringsted DEN"]
[Date "1995.??.??"]
[Round "6"]
[White "Hoei, Carsten"]
[Black "Danielsen, Henrik"]
[WhiteElo "2415"]
[BlackElo "2430"]
[Result "1-0"]
[EventDate "1995.01.01"]
[PlyCount "54"]
[EventCategory "8"]
[Source "ChessBase"]
[SourceDate "1995.09.01"]

1. d4 Nf6 2. Nf3 e6 3. e3 c5 4. Bd3 d5 5. b3 Nc6 6. O-O Bd6 7. Bb2 O-O 8. Nbd2
Qe7 9. Ne5 cxd4 10. exd4 Ba3 11. Bxa3 Qxa3 12. c3 Bd7 13. f4 Rac8 14. Rf3 g6
15. Qe1 Kg7 16. Rh3 Be8 17. Ndf3 Rh8 18. Qd2 Ne7 19. g4 Qa5 20. Rc1 Bb5 21. Bb1
h5 22. Ng5 Rcf8 23. f5 Qa6 24. Re1 exf5 25. gxf5 Qd6 26. Ree3 Nfg8 27. fxg6 Qf6
1-0

[Event "74th DEN-ch"]
[Site "Ringsted DEN"]
[Date "1995.??.??"]
[Round "6"]
[White "Kristiansen, Jens"]
[Black "Antonsen, Mikkel"]
[WhiteElo "2415"]
[BlackElo "2400"]
[Result "1-0"]
[EventDate "1995.01.01"]
[PlyCount "106"]
[EventCategory "8"]
[Source "ChessBase"]
[SourceDate "1995.09.01"]

1. e4 e6 2. d3 d5 3. Nd2 c5 4. Ngf3 Nc6 5. g3 Bd6 6. Bg2 Nge7 7. O-O O-O 8. Re1
Qc7 9. c3 Bd7 10. Qe2 f6 11. a3 d4 12. cxd4 cxd4 13. Nc4 e5 14. Rf1 b5 15. Nxd6
Qxd6 16. Ne1 Na5 17. Bd2 Nb3 18. Bb4 Qe6 19. Rd1 a5 20. Bxe7 Qxe7 21. f4 Rfc8
22. Qh5 Rc5 23. Qh4 Qe6 24. fxe5 fxe5 25. Qh5 Qg6 26. Qxg6 hxg6 27. Nf3 Rf8 28.
Rf2 Bg4 29. Rdf1 Nc1 30. Rd2 Rf6 31. b4 axb4 32. axb4 Rc3 33. Nxe5 Be2 34. Rxf6
gxf6 35. Nxg6 Bxd3 36. Nf4 Rb3 37. Kf2 Bc4 38. Rxd4 Rxb4 39. Rd2 Rb1 40. Nd5
Kf7 41. Ke3 Nb3 42. Ra2 Nc5 43. Ra7+ Ke6 44. h4 Re1+ 45. Kd4 Kd6 46. h5 Ne6+
47. Kc3 Rg1 48. Ne3 Kc5 49. h6 Ng5 50. h7 Nxh7 51. Rxh7 Re1 52. Rh5+ Kd6 53.
Nxc4+ bxc4 1-0

[Event "74th DEN-ch"]
[Site "Ringsted DEN"]
[Date "1995.??.??"]
[Round "6"]
[White "Mortensen, Erling"]
[Black "Nielsen, Peter Heine"]
[WhiteElo "2500"]
[BlackElo "2500"]
[Result "1/2-1/2"]
[EventDate "1995.01.01"]
[PlyCount "36"]
[EventCategory "8"]
[Source "ChessBase"]
[SourceDate "1995.09.01"]

1. e4 e5 2. Nf3 Nf6 3. Nxe5 d6 4. Nf3 Nxe4 5. d4 d5 6. Bd3 Bd6 7. O-O O-O 8. c4
c6 9. Nc3 Nxc3 10. bxc3 Bg4 11. cxd5 cxd5 12. Rb1 Nd7 13. h3 Bh5 14. c4 dxc4
15. Bxc4 Rc8 16. Be2 Qc7 17. Be3 Bg6 18. Rc1 Qa5 1/2-1/2

[Event "74th DEN-ch"]
[Site "Ringsted DEN"]
[Date "1995.??.??"]
[Round "7"]
[White "Berg, Klaus"]
[Black "Mortensen, Erling"]
[WhiteElo "2420"]
[BlackElo "2500"]
[Result "1/2-1/2"]
[EventDate "1995.01.01"]
[PlyCount "108"]
[EventCategory "8"]
[Source "ChessBase"]
[SourceDate "1995.09.01"]

1. d4 Nf6 2. c4 g6 3. Nc3 Bg7 4. e4 d6 5. f3 a6 6. Bg5 Nc6 7. Nge2 Rb8 8. Qd2
h5 9. d5 Ne5 10. Nd4 c5 11. dxc6 Nxc6 12. Nb3 O-O 13. Be2 Be6 14. Be3 Ne5 15.
Nd5 b5 16. cxb5 axb5 17. Rc1 Nc4 18. Bxc4 bxc4 19. Nxf6+ Bxf6 20. Nd4 d5 21.
Nc6 Qd6 22. Nxb8 Rxb8 23. Bf4 Be5 24. Bxe5 Qxe5 25. b3 cxb3 26. axb3 dxe4 27.
O-O Rxb3 28. fxe4 Qxe4 29. Qd8+ Kg7 30. Qxe7 Qd4+ 31. Kh1 Rb2 32. Qc5 Qd2 33.
Qc3+ Qxc3 34. Rxc3 Bd5 35. Rg1 h4 36. h3 Rd2 37. Rcc1 g5 38. Kh2 Be4 39. Rcd1
Rb2 40. Rd4 f5 41. Rd7+ Kf6 42. Rd6+ Kf7 43. Rd4 Re2 44. Ra4 Kg6 45. Ra6+ Kh5
46. Re6 g4 47. hxg4+ fxg4 48. Re5+ Kg6 49. Rxe4 Rxe4 50. Ra1 Re2 51. Ra6+ Kf5
52. Ra5+ Kf4 53. Ra8 Re4 54. Rh8 h3 1/2-1/2

[Event "74th DEN-ch"]
[Site "Ringsted DEN"]
[Date "1995.??.??"]
[Round "8"]
[White "Kjeldsen, Jens"]
[Black "Antonsen, Mikkel"]
[WhiteElo "2410"]
[BlackElo "2400"]
[Result "1/2-1/2"]
[EventDate "1995.01.01"]
[PlyCount "41"]
[EventCategory "8"]
[Source "ChessBase"]
[SourceDate "1995.09.01"]

1. d4 Nf6 2. c4 g6 3. Nc3 Bg7 4. e4 d6 5. f3 O-O 6. Bg5 c5 7. d5 e6 8. Qd2 exd5
9. cxd5 b6 10. a4 Na6 11. Nge2 Nb4 12. Ng3 h6 13. Be3 h5 14. Bc4 Nd7 15. O-O h4
16. Nh1 f5 17. exf5 Ne5 18. Be2 Bxf5 19. Bg5 Bf6 20. Bxf6 Qxf6 21. Nf2 1/2-1/2

[Event "74th DEN-ch"]
[Site "Ringsted DEN"]
[Date "1995.??.??"]
[Round "8"]
[White "Kristiansen, Jens"]
[Black "Nielsen, Peter Heine"]
[WhiteElo "2415"]
[BlackElo "2500"]
[Result "1/2-1/2"]
[EventDate "1995.01.01"]
[PlyCount "40"]
[EventCategory "8"]
[Source "ChessBase"]
[SourceDate "1995.09.01"]

1. e4 e5 2. f4 exf4 3. Nf3 g5 4. h4 g4 5. Ne5 d6 6. Nxg4 Nf6 7. Nxf6+ Qxf6 8.
Nc3 Nc6 9. Nd5 Qg6 10. d3 Qg3+ 11. Kd2 Be6 12. c3 O-O-O 13. Kc2 Bxd5 14. exd5
Ne7 15. Qh5 Qg6 16. Qf3 Bh6 17. Bxf4 Bxf4 18. Qxf4 Nxd5 19. Qf3 Qe6 20. g3 Ne3+
1/2-1/2

[Event "74th DEN-ch"]
[Site "Ringsted DEN"]
[Date "1995.??.??"]
[Round "8"]
[White "Mortensen, Erling"]
[Black "Hoei, Carsten"]
[WhiteElo "2500"]
[BlackElo "2415"]
[Result "0-1"]
[EventDate "1995.01.01"]
[PlyCount "114"]
[EventCategory "8"]
[Source "ChessBase"]
[SourceDate "1995.09.01"]

1. e4 d6 2. d4 Nf6 3. f3 g6 4. c4 Bg7 5. Nc3 O-O 6. Bg5 c5 7. d5 a6 8. Qd2 e6
9. a4 Qa5 10. Ra3 Re8 11. Nge2 exd5 12. cxd5 Nbd7 13. Ng3 Ne5 14. Be2 Qb4 15.
O-O Qd4+ 16. Kh1 Qxd2 17. Bxd2 c4 18. a5 Bd7 19. Na4 Bxa4 20. Rxa4 Rac8 21. Rb4
Rc7 22. Rd1 Nfd7 23. Bc3 Rec8 24. h3 h5 25. Kg1 Nc5 26. Rb5 Na4 27. Rb4 Nxc3
28. bxc3 Nd3 29. Bxd3 Bxc3 30. Rb6 cxd3 31. Rxd3 Bxa5 32. Rxd6 Bb4 33. Rf6 Be7
34. e5 Bxf6 35. exf6 Rc3 36. Rd2 Rc1+ 37. Kh2 R1c2 38. Rd3 R8c3 39. Rd4 Rc4 40.
Rd3 Kf8 41. Ne4 Rc7 42. d6 Rd7 43. Rd5 Rc6 44. Kg3 b5 45. Kf4 b4 46. Rd4 Rb6
47. Rc4 Rb8 48. Rc6 b3 49. Rxa6 b2 50. Nc3 Rdb7 51. Ke5 Rb5+ 52. Kd4 b1=Q 53.
Nxb1 Rxb1 54. Kc5 Ke8 55. Kc6 Rc1+ 56. Kd5 Rb5+ 57. Kd4 Rb7 0-1

[Event "74th DEN-ch"]
[Site "Ringsted DEN"]
[Date "1995.??.??"]
[Round "8"]
[White "Schandorff, Lars"]
[Black "Danielsen, Henrik"]
[WhiteElo "2450"]
[BlackElo "2430"]
[Result "1/2-1/2"]
[EventDate "1995.01.01"]
[PlyCount "34"]
[EventCategory "8"]
[Source "ChessBase"]
[SourceDate "1995.09.01"]

1. e4 c6 2. d4 d5 3. e5 Bf5 4. Nf3 e6 5. Be2 Nd7 6. O-O Ne7 7. Nh4 Qb6 8. c3
Bxb1 9. Rxb1 c5 10. Nf3 Nc6 11. b4 cxb4 12. cxb4 a6 13. Be3 Be7 14. a3 O-O 15.
Qd2 Rfc8 16. Rfc1 Qd8 17. a4 Na7 1/2-1/2

[Event "74th DEN-ch"]
[Site "Ringsted DEN"]
[Date "1995.??.??"]
[Round "9"]
[White "Antonsen, Mikkel"]
[Black "Berg, Klaus"]
[WhiteElo "2400"]
[BlackElo "2420"]
[Result "1/2-1/2"]
[EventDate "1995.01.01"]
[PlyCount "23"]
[EventCategory "8"]
[Source "ChessBase"]
[SourceDate "1995.09.01"]

1. d4 Nf6 2. c4 c6 3. Nc3 d5 4. cxd5 cxd5 5. Nf3 Nc6 6. Bf4 Bf5 7. e3 e6 8. Bd3
Bxd3 9. Qxd3 Bd6 10. Bxd6 Qxd6 11. O-O O-O 12. Rfc1 1/2-1/2

[Event "74th DEN-ch"]
[Site "Ringsted DEN"]
[Date "1995.??.??"]
[Round "9"]
[White "Danielsen, Henrik"]
[Black "Kjeldsen, Jens"]
[WhiteElo "2430"]
[BlackElo "2410"]
[Result "1-0"]
[EventDate "1995.01.01"]
[PlyCount "75"]
[EventCategory "8"]
[Source "ChessBase"]
[SourceDate "1995.09.01"]

1. d4 Nf6 2. Nf3 g6 3. g3 Bg7 4. Bg2 O-O 5. c4 d6 6. Nc3 Nbd7 7. O-O e5 8. e4
c6 9. h3 Qb6 10. c5 dxc5 11. dxe5 Ne8 12. e6 fxe6 13. Ng5 Ne5 14. f4 Nf7 15.
Nxf7 Rxf7 16. e5 Nc7 17. Ne4 Nd5 18. h4 Bf8 19. Ng5 Re7 20. h5 Qd8 21. hxg6
hxg6 22. Qc2 Rg7 23. Bh3 Qe8 24. Bg4 Nc7 25. Be3 b6 26. Rf2 Be7 27. Re1 a5 28.
Rh2 Bxg5 29. fxg5 Nd5 30. Rh6 Raa7 31. Bc1 Nb4 32. Qe4 Ba6 33. a3 Nd3 34. Rf1
Raf7 35. Rf6 Nxc1 36. Bxe6 Ne2+ 37. Kg2 Nd4 38. Qh4 1-0